Aneka hidangan sayur

Bibliographic Details
Main Author: Sa'adiah Mohammad
Format: Book
Published: Selangor : Alaf 21 Sendirian berhad , 2001
Subjects:

MARC

LEADER 00000cam a2200000 7i4500
001 0000010449
005 20030918.0
020 |a 9831240650 
040 |a INS 
090 0 0 |a TX801.   |b Sa11 2001 
100 1 |a Sa'adiah Mohammad 
245 1 0 |a Aneka hidangan sayur 
260 |a Selangor :   |b Alaf 21 Sendirian berhad ,   |c 2001 
300 |a 48p :   |b 25cm 
650 0 0 |a Recipes   |x Makaysia 
650 0 0 |a Vegetarian cookery 
999 |a 0000009583   |b BOOK   |c Open Shelf   |e Default branch